| 000 | 01703nam0a22004091 4500 | ||
|---|---|---|---|
| 001 | rc\282022 | ||
| 005 | 20220301114157.0 | ||
| 010 |
_a5-340-00247-0 _94000 |
||
| 035 | _a(NLR Aleph) 005509125 | ||
| 090 |
_a5387449 _c5387449 |
||
| 100 | _a20030307d1990 u |0rusy50 ca | ||
| 101 | 0 | _arus | |
| 102 | _aRU | ||
| 105 | _aa ||||||||| | ||
| 200 | 1 |
_aПостижение _e[Стихи] _eС белорус. _fПереводы В. Гордейчева |
|
| 210 |
_aМинск _cМастац. лiт. _d1990 |
||
| 215 |
_a150, [1] с., [1] л. портр. _d18 |
||
| 225 | 1 | _aКнига переводчика | |
| 327 | 0 | _aСодерж.: Авт.: А. Пысин, В. Зуенок, Р. Бородулин, С. Гаврусев, Н. Гилевич, Г. Буравкин, А. Вертинский, П. Макаль, М. Рудковский, Е. Лось, Я. Сипаков и др. | |
| 464 | 0 | _1700#1$aПысин$bА. | |
| 464 | 0 | _1700#1$aЗуенок$bВ. | |
| 464 | 0 | _1700#1$aБородулин$bР. | |
| 464 | 0 | _1700#1$aГаврусев$bС. | |
| 464 | 0 | _1700#1$aГилевич$bН. | |
| 464 | 0 | _1700#1$aБуравкин$bГ. Н.$f1936-2014$gГеннадий Николаевич$3RU\NLR\AUTH\770200081 | |
| 464 | 0 | _1700#1$aВертинский$bА. | |
| 464 | 0 | _1700#1$aМакаль$bП. | |
| 464 | 0 | _1700#1$aРудковский$bМ. | |
| 464 | 0 | _1700#1$aЛось$bЕ. | |
| 464 | 0 | _1700#1$aСипаков$bЯ.$gЯнка$f1936-2011$3RU\NLR\AUTH\770239774 | |
| 702 | 1 |
_aГордейчев _bВ. Г. _gВладимир Григорьевич _4730 |
|
| 801 | 0 |
_aRU _bNLR _gpsbo |
|
| 801 | 1 |
_aRU _bELAR _2rusmarc |
|
| 852 |
_aNLR _j90-2/934 |
||
| 942 | _cBOOK | ||
| 980 | _aNB | ||